000 00324nam a22001217a 4500
008 140123b xxu||||| |||| 00| 0 eng d
050 _aPZ4.C375D4
100 _aCaute, David
_97007
245 _aThe Decline of the West
_bA novel
260 _aLondon
_bAndre Deutsch
_c1966
300 _a616p.
_c21cm
942 _2lcc
_cMONOGRAPH
999 _c119675
_d119675